000 00561nam a22002297a 4500
003 UA-OsUOA
001 80856
007 ta
008 20111227b un ||||| |||| 00| 0 ukr d
090 _a(031)82.09(477)
_bУ45
942 _cBK
040 _aUA-OsUOA
_bukr
_cUA-OsUOA
_dUA-OsUOA
245 _aУкраїнська літературна енциклопедія
_b1
_cА - Г
300 _a533 с.
955 _a2
041 _aukr
080 _a(031)82.09(477)
020 _a5-88500-003-4
260 _aК.
_c1988
650 7 _2UDC
999 _c367108
_d367108